Normal view
MARC view
- Supervisor: Dr. Meraj Mustafa Hashmi
Entry Personal Name
001 - CONTROL NUMBER
- control field: 123768
003 - CONTROL NUMBER IDENTIFIER
- control field: NUST
005 - DATE AND TIME OF LATEST TRANSACTION
- control field: 20240625131955.0
008 - FIXED-LENGTH DATA ELEMENTS
- fixed length control field: 240625|| aca||aabn | a|a d
040 ## - CATALOGING SOURCE
- Original cataloging agency: NUST
- Transcribing agency: NUST
100 ## - HEADING--PERSONAL NAME
- Personal name: Supervisor: Dr. Meraj Mustafa Hashmi
670 ## - SOURCE DATA FOUND
- Source citation: Work cat.: (NUST): Rafiq, Talat 123767, Numerical simulations for some boundary layer flows around stationary or rotating surfaces/
